000
00243nam a2200097Ia 4500
008
240625s9999 xx 000 0 und d
041
_a
eng
082
_a
650.01 BRA
100
_a
BRAGG STEVEN M
245
_a
BUSINESS RATIOS AND FORMULAS A COMPREHEN
999
_c
32890
_d
32890